000 00596nam a2200181Ia 4500
003 GCL
008 140319s9999 xx 000 0 ara d
040 _aGCL /
_cGCL
082 0 4 _a810
_bه ر
100 1 _aهاشم صالح مناع
245 1 0 _aروائع من الادب العربى العصر الجاهلى- الاسلامى- الاموى- العباسى /
_cهاشم صالح مناع
260 _a[S.N] :
_bدار الفكر العربى ،
_c1993
300 _a335 ص
490 _a
650 0 4 _aالادب العربى
650 0 4 _aالعصر الجاهلى
942 _2ddc
_cBK
999 _c47552
_d47552